[Event "Fortaleza Schoonenborch op"]
[Site "Fortaleza"]
[Date "2023.03.04"]
[Round "4"]
[White "Silva, Caio Marques"]
[Black "De Oliveira, Guibson Martins"]
[Result "0-1"]
[WhiteElo "1674"]
[BlackElo "1845"]
[PlyCount "58"]
[EventDate "2023.03.02"]
[EventType "swiss"]
[EventRounds "6"]
[EventCountry "BRA"]
[SourceTitle "CBM 213 Extra"]
[Source "ChessBase"]
[SourceDate "2023.05.31"]
[SourceVersion "1"]
[SourceVersionDate "2023.05.31"]
[SourceQuality "1"]

1. c4 Nf6 2. Nc3 d5 3. cxd5 Nxd5 4. e4 Nxc3 5. bxc3 g6 6. d4 Bg7 7. Qb3 0-0 8. Be3 c5 9. Nf3 Nc6 10. d5 Na5 11. Qc2 c4 12. Bd4 e6 13. Bc5 Re8 14. d6 e5 15. Rd1 b5 16. Be2 Nb7 17. Ba3 Re6 18. Qd2 Bd7 19. Ng5 Rf6 20. Qd5 Qb6 21. 0-0 Rd8 22. Qd2 Bf8 23. Nf3 Bxd6 24. Qh6 Bxa3 25. Ng5 Be6 26. Nxh7 Bc8 27. Qh4 Kg7 28. Rxd8 Qxd8 29. Rd1 Rd6 0-1

[Event "Fortaleza Schoonenborch 7th"]
[Site "Fortaleza"]
[Date "2020.02.08"]
[Round "4"]
[White "De Oliveira, Guibson Martins"]
[Black "Da Silva, Francisco Iran Sant"]
[Result "0-1"]
[WhiteElo "1855"]
[BlackElo "1797"]
[PlyCount "100"]
[EventDate "2020.02.06"]
[EventType "swiss"]
[EventRounds "6"]
[EventCountry "BRA"]
[SourceTitle "CBM 195 Extra"]
[Source "ChessBase"]
[SourceDate "2020.05.31"]
[SourceVersion "1"]
[SourceVersionDate "2020.05.31"]
[SourceQuality "1"]

1. e4 e6 2. d4 d5 3. exd5 exd5 4. Bd3 Bd6 5. Qf3 Ne7 6. Ne2 Nbc6 7. h4 Be6 8. Bf4 Bb4+ 9. c3 Ba5 10. b4 Bb6 11. a4 a5 12. b5 Na7 13. Qg3 Bf5 14. Nd2 Bxd3 15. Qxd3 Qd7 16. c4 dxc4 17. Nxc4 Qe6 18. 0-0 Rd8 19. Nxb6 cxb6 20. Rfe1 0-0 21. Nc3 Qd7 22. d5 Nxd5 23. Rad1 Nf6 24. Qe3 Qf5 25. Rxd8 Rxd8 26. Qe7 Qd7 27. f3 Nc8 28. Qxd7 Rxd7 29. g4 Kf8 30. Bc1 Rd8 31. Kf2 Nd7 32. Rd1 Ke8 33. Nd5 Nc5 34. Nc7+ Ke7 35. Nd5+ Kf8 36. Ba3 Ne7 37. Bxc5 bxc5 38. Nc3 Rxd1 39. Nxd1 Nd5 40. Kg3 Ke7 41. Nb2 Nb6 42. Kf4 Ke6 43. Ke4 Kd6 44. f4 Ke6 45. h5 f6 46. f5+ Kd6 47. Kf4 Kd5 48. g5 Kd4 49. Nd1 Nd5+ 50. Kf3 c4 0-1

[Event "Fortaleza Capivarol op"]
[Site "Fortaleza"]
[Date "2018.11.04"]
[Round "5"]
[White "De Oliveira, Guibson Martins"]
[Black "Pinheiro, Iung Alicio"]
[Result "0-1"]
[WhiteElo "1844"]
[BlackElo "2360"]
[PlyCount "72"]
[EventDate "2018.11.02"]
[EventType "swiss"]
[EventRounds "6"]
[EventCountry "BRA"]
[SourceTitle "CBM 187 Extra"]
[Source "ChessBase"]
[SourceDate "2018.11.04"]
[SourceVersion "1"]
[SourceVersionDate "2018.11.04"]
[SourceQuality "1"]

1. e4 c5 2. d4 cxd4 3. c3 dxc3 4. Nxc3 Nc6 5. Bc4 e6 6. Nf3 a6 7. 0-0 Nge7 8. Bg5 f6 9. Bf4 Ng6 10. Bd6 Bxd6 11. Qxd6 Qe7 12. Qc7 d6 13. Qxe7+ Kxe7 14. Rfd1 b5 15. Bb3 Na5 16. Bc2 Bb7 17. Bd3 Rac8 18. Ne2 Nc4 19. Rab1 h5 20. h4 Nce5 21. Nxe5 Nxe5 22. f3 g5 23. hxg5 fxg5 24. Nd4 h4 25. Bf1 Rc5 26. Rdc1 Rhc8 27. Rxc5 dxc5 28. Nb3 h3 29. Rc1 hxg2 30. Kxg2 c4 31. Nd4 Rd8 32. Rd1 g4 33. Be2 gxf3+ 34. Bxf3 Nd3 35. Rh1 Bxe4 36. Bxe4 Rxd4 0-1

[Event "Fortaleza Capivarol op"]
[Site "Fortaleza"]
[Date "2018.11.03"]
[Round "3"]
[White "De Oliveira, Guibson Martins"]
[Black "Palacio, Igor Da Paz"]
[Result "0-1"]
[WhiteElo "1844"]
[BlackElo "2093"]
[PlyCount "114"]
[EventDate "2018.11.02"]
[EventType "swiss"]
[EventRounds "6"]
[EventCountry "BRA"]
[SourceTitle "CBM 187 Extra"]
[Source "ChessBase"]
[SourceDate "2018.11.04"]
[SourceVersion "1"]
[SourceVersionDate "2018.11.04"]
[SourceQuality "1"]

1. e4 d6 2. d4 Nf6 3. Nc3 g6 4. Bc4 c6 5. Bg5 Nxe4 6. Bxf7+ Kxf7 7. Nxe4 Qa5+ 8. c3 Qf5 9. Qf3 h6 10. Be3 Bg7 11. Ng3 Qxf3 12. Nxf3 Rf8 13. 0-0 Kg8 14. h3 Bxh3 15. gxh3 Rxf3 16. Kg2 Rf7 17. f4 Nd7 18. h4 Nf6 19. Bd2 e6 20. Rae1 Re8 21. Re2 Rfe7 22. Rfe1 Kf7 23. Kf3 h5 24. a4 d5 25. b4 Ng8 26. Rh1 Nh6 27. Be1 Nf5 28. Rg2 Bf6 29. Ne2 a5 30. b5 cxb5 31. axb5 Ra8 32. Nc1 Rd7 33. Nd3 Rd6 34. Ne5+ Bxe5 35. fxe5 Rb6 36. Rb2 Rc8 37. c4 Rxc4 38. Bxa5 Nxd4+ 39. Ke3 Rxb5 40. Rxb5 Nxb5 41. Rb1 Rc5 42. Bb6 d4+ 43. Kf4 Rd5 44. Rd1 d3 45. Be3 Na3 46. Ke4 Nc4 47. Bd4 d2 48. Bc3 Kg7 49. Kf4 Rd3 50. Bb4 Nb2 51. Rxd2 Rxd2 52. Bxd2 Nc4 53. Bb4 Kf7 54. Bc3 Nb6 55. Ba5 Nd5+ 56. Kg5 b5 57. Bd2 b4 0-1

[Event "Fortaleza zt CE"]
[Site "Fortaleza"]
[Date "2018.10.12"]
[Round "2.1"]
[White "De Oliveira, Guibson Martins"]
[Black "Brandao, Marcius Gomes"]
[Result "0-1"]
[WhiteElo "1820"]
[BlackElo "2076"]
[PlyCount "80"]
[EventDate "2018.10.12"]
[EventType "swiss"]
[EventRounds "6"]
[EventCountry "BRA"]
[SourceTitle "EXT 2022"]
[Source "ChessBase"]
[SourceDate "2021.10.06"]
[SourceVersion "1"]
[SourceVersionDate "2021.10.06"]
[SourceQuality "1"]

1. e4 d5 2. exd5 Qxd5 3. Nc3 Qd6 4. d4 c6 5. Nf3 Nf6 6. h3 Bf5 7. Bd3 Bxd3 8. Qxd3 e6 9. 0-0 Nbd7 10. Re1 Be7 11. a3 0-0 12. b4 h6 13. Nd2 Rfd8 14. Nde4 Qc7 15. Qe2 Nb6 16. Be3 Nbd5 17. Nxd5 cxd5 18. Nc5 Rdc8 19. Rac1 b6 20. Nd3 Bd6 21. f4 Qc3 22. Ne5 Ne4 23. Qd3 Rc7 24. Red1 Rac8 25. Bd2 Nxd2 26. Qxd2 Qxa3 27. b5 Qb2 28. c4 Qxd2 29. Rxd2 f6 30. Nc6 Bxf4 31. Rdc2 Bxc1 32. Rxc1 Rxc6 33. bxc6 Rxc6 34. c5 Kf7 35. Kf2 bxc5 36. dxc5 e5 37. g4 Ke6 38. Ke3 g6 39. h4 d4+ 40. Kd3 Kd5 0-1

[Event "Fortaleza Saboya op"]
[Site "Fortaleza"]
[Date "2014.05.06"]
[Round "5"]
[White "De Oliveira, Guibson Martins"]
[Black "Polack, Walter Friedrich Jr"]
[Result "0-1"]
[WhiteElo "1840"]
[BlackElo "2095"]
[PlyCount "84"]
[EventDate "2014.04.27"]
[EventType "swiss"]
[EventRounds "7"]
[EventCountry "BRA"]
[SourceTitle "CBM 160 Extra"]
[Source "ChessBase"]
[SourceDate "2014.07.01"]
[SourceVersion "1"]
[SourceVersionDate "2014.07.01"]
[SourceQuality "1"]

1. e4 c6 2. d4 d5 3. Nd2 dxe4 4. Nxe4 Bf5 5. Ng3 Bg6 6. Nf3 Nf6 7. Bd3 Nbd7 8. h4 e6 9. h5 Bxd3 10. Qxd3 Bd6 11. Be3 Qc7 12. Ne4 Nxe4 13. Qxe4 Nf6 14. Qd3 0-0-0 15. 0-0-0 Nd5 16. g3 f6 17. c4 Nxe3 18. Qxe3 Rhe8 19. Qd3 Qa5 20. Kb1 h6 21. Qg6 Re7 22. Rd3 Kb8 23. Rhd1 Bc7 24. Qe4 Rde8 25. g4 f5 26. gxf5 exf5 27. Qh4 Re2 28. Nd2 Qb4 29. Rb3 Qd6 30. d5 cxd5 31. Qh1 Rd8 32. Nf1 Qe5 33. Ne3 Rxf2 34. Nxd5 Rh2 35. Qg1 Qe4+ 36. Ka1 Qe2 37. Re1 Qxc4 38. Rc3 Qxd5 39. Rxc7 Qd2 40. Rxb7+ Kxb7 41. Re7+ Kc6 42. Qg6+ Qd6 0-1

[Event "Fortaleza Saboya op"]
[Site "Fortaleza"]
[Date "2014.05.03"]
[Round "4"]
[White "De Oliveira, Guibson Martins"]
[Black "Ribeiro, Orlando Alves"]
[Result "1-0"]
[WhiteElo "1840"]
[BlackElo "1858"]
[PlyCount "85"]
[EventDate "2014.04.27"]
[EventType "swiss"]
[EventRounds "7"]
[EventCountry "BRA"]
[SourceTitle "CBM 160 Extra"]
[Source "ChessBase"]
[SourceDate "2014.07.01"]
[SourceVersion "1"]
[SourceVersionDate "2014.07.01"]
[SourceQuality "1"]

1. e4 e5 2. Nf3 Nf6 3. Nxe5 d6 4. Nf3 Nxe4 5. d4 d5 6. Bd3 Nc6 7. c4 Nf6 8. 0-0 Be7 9. Nc3 0-0 10. cxd5 Nxd5 11. Re1 Bg4 12. Be4 Nf6 13. Bxc6 bxc6 14. Qd3 Re8 15. Ne5 Bd6 16. Bf4 Nh5 17. Nxg4 Rxe1+ 18. Rxe1 Nxf4 19. Qf3 Qg5 20. Qxc6 Rd8 21. Re8+ Rxe8 22. Qxe8+ Bf8 23. Ne3 g6 24. Qe4 h5 25. g3 Ne6 26. Nc4 Qd8 27. Ne2 Ng5 28. Qg2 Qe7 29. f4 Ne4 30. Ne5 Nf6 31. Qc6 Kg7 32. a3 Qd8 33. Kg2 Nd5 34. Nd7 Ne3+ 35. Kf3 Nf5 36. b4 Bd6 37. Ne5 Qe7 38. Qd7 Qf6 39. Qa4 g5 40. Qxa7 gxf4 41. Nxf4 Kh6 42. g4 hxg4+ 43. Nxg4+ 1-0

[Event "Capablanca Memorial op 25th"]
[Site "Fortaleza"]
[Date "2010.11.21"]
[Round "3.8"]
[White "Lima Neto, Pedro"]
[Black "De Oliveira, Guibson Martins"]
[Result "1-0"]
[WhiteElo "2062"]
[BlackElo "1833"]
[PlyCount "81"]
[EventDate "2010.11.19"]
[EventType "swiss"]
[EventRounds "7"]
[EventCountry "BRA"]
[SourceTitle "EXT 2022"]
[Source "ChessBase"]
[SourceDate "2021.10.06"]
[SourceVersion "1"]
[SourceVersionDate "2021.10.06"]
[SourceQuality "1"]

1. e4 c6 2. d4 d5 3. e5 Bf5 4. Nf3 e6 5. Be2 c5 6. Be3 Nc6 7. dxc5 Qc7 8. c3 a6 9. Bd4 Nge7 10. 0-0 Ng6 11. Re1 Be7 12. Bd3 Bxd3 13. Qxd3 0-0 14. Nbd2 Rac8 15. b4 f6 16. exf6 Bxf6 17. Bxf6 Rxf6 18. g3 Rcf8 19. Re2 Nge5 20. Nxe5 Nxe5 21. Qd4 Nc6 22. Qd3 Ne5 23. Qc2 Ng4 24. f3 Ne5 25. f4 Ng4 26. Rae1 Qf7 27. Nf3 Rh6 28. Ng5 Qf5 29. Qxf5 exf5 30. Ne6 Re8 31. Nd4 Rf8 32. a4 g6 33. b5 axb5 34. axb5 Rc8 35. Re8+ Rxe8 36. Rxe8+ Kf7 37. Rb8 Rxh2 38. Rxb7+ Kf6 39. Rb6+ Kf7 40. Re6 Rd2 41. b6 1-0

[Event "Fortaleza Alves Memorial 14th"]
[Site "Fortaleza"]
[Date "2010.05.22"]
[Round "3.6"]
[White "Amorim, Marcio Felipe De Me"]
[Black "De Oliveira, Guibson Martins"]
[Result "1-0"]
[WhiteElo "1937"]
[BlackElo "1838"]
[PlyCount "77"]
[EventDate "2010.05.21"]
[EventType "swiss"]
[EventRounds "5"]
[EventCountry "BRA"]
[SourceTitle "EXT 2022"]
[Source "ChessBase"]
[SourceDate "2021.10.06"]
[SourceVersion "1"]
[SourceVersionDate "2021.10.06"]
[SourceQuality "1"]

1. Nf3 Nf6 2. d4 g6 3. c4 Bg7 4. Nc3 d5 5. Bf4 0-0 6. e3 c5 7. dxc5 Qa5 8. Be5 Nbd7 9. Bd4 Nxc5 10. cxd5 Nfe4 11. Bxg7 Kxg7 12. Qd4+ Kg8 13. b4 Qa3 14. Nb1 Qc1+ 15. Qd1 Qxd1+ 16. Kxd1 Nxf2+ 17. Ke1 Nce4 18. Nbd2 Rd8 19. Nxe4 Nxe4 20. Bc4 Kg7 21. Rf1 Nd6 22. Bb3 a5 23. bxa5 Rxa5 24. Rc1 Bf5 25. Rc7 Rd7 26. Rxd7 Bxd7 27. Nd2 Bf5 28. Rf4 g5 29. Rd4 f6 30. e4 Bd7 31. Nc4 Rc5 32. Nd2 g4 33. Kf2 h5 34. g3 Kg6 35. Ke3 Kg5 36. Bc4 h4 37. Bb3 Rc1 38. Kf2 h3 39. Nf1 1-0

[Event "Fortaleza Alves Memorial 14th"]
[Site "Fortaleza"]
[Date "2010.05.22"]
[Round "2.13"]
[White "De Oliveira, Guibson Martins"]
[Black "Laroca, Alvaro Ney"]
[Result "1-0"]
[WhiteElo "1838"]
[BlackElo "1686"]
[PlyCount "39"]
[EventDate "2010.05.21"]
[EventType "swiss"]
[EventRounds "5"]
[EventCountry "BRA"]
[SourceTitle "EXT 2022"]
[Source "ChessBase"]
[SourceDate "2021.10.06"]
[SourceVersion "1"]
[SourceVersionDate "2021.10.06"]
[SourceQuality "1"]

1. e4 e5 2. Nf3 Nc6 3. Bc4 Nd4 4. 0-0 d6 5. c3 Ne6 6. d4 exd4 7. cxd4 c6 8. Nc3 b5 9. Bb3 b4 10. Ne2 d5 11. exd5 cxd5 12. Ne5 Bb7 13. Ba4+ Ke7 14. Re1 f6 15. Nd3 Kf7 16. Ndf4 Ng5 17. Ng3 Be7 18. Qh5+ g6 19. Nxg6 Kg7 20. Bxg5 1-0

[Event "Fortaleza Borges Memorial 8th"]
[Site "Fortaleza"]
[Date "2010.05.01"]
[Round "2.8"]
[White "De Oliveira, Guibson Martins"]
[Black "Palacio, Igor Da Paz"]
[Result "1/2-1/2"]
[WhiteElo "1788"]
[BlackElo "2118"]
[PlyCount "24"]
[EventDate "2010.04.30"]
[EventType "swiss"]
[EventRounds "7"]
[EventCountry "BRA"]
[SourceTitle "EXT 2022"]
[Source "ChessBase"]
[SourceDate "2021.10.06"]
[SourceVersion "1"]
[SourceVersionDate "2021.10.06"]
[SourceQuality "1"]

1. e4 e5 2. Nf3 Nc6 3. Bb5 a6 4. Ba4 Nf6 5. 0-0 Be7 6. Re1 b5 7. Bb3 d6 8. c3 Na5 9. Bc2 c5 10. d4 cxd4 11. cxd4 Qc7 12. Nbd2 0-0 1/2-1/2

[Event "Fortaleza Borges Memorial 8th"]
[Site "Fortaleza"]
[Date "2010.04.30"]
[Round "1.7"]
[White "Brandao, Marcius Gomes"]
[Black "De Oliveira, Guibson Martins"]
[Result "1/2-1/2"]
[WhiteElo "1981"]
[BlackElo "1788"]
[PlyCount "61"]
[EventDate "2010.04.30"]
[EventType "swiss"]
[EventRounds "7"]
[EventCountry "BRA"]
[SourceTitle "EXT 2022"]
[Source "ChessBase"]
[SourceDate "2021.10.06"]
[SourceVersion "1"]
[SourceVersionDate "2021.10.06"]
[SourceQuality "1"]

1. d4 Nf6 2. c4 g6 3. Nc3 d5 4. cxd5 Nxd5 5. e4 Nxc3 6. bxc3 c5 7. Bb5+ Bd7 8. Rb1 b6 9. Nf3 Bg7 10. 0-0 0-0 11. Be3 cxd4 12. cxd4 Bg4 13. h3 Bxf3 14. Qxf3 a6 15. e5 Ra7 16. Bd3 Rd7 17. Rfd1 b5 18. Qe4 e6 19. h4 Qa5 20. Rb2 Rc8 21. h5 Nc6 22. hxg6 hxg6 23. Qg4 Qa4 24. Rc1 Rdc7 25. Bxg6 Nxe5 26. Bh7+ Kxh7 27. Qh5+ Kg8 28. Rxc7 Rxc7 29. dxe5 Rc2 30. Rb1 Rxa2 31. Bh6 1/2-1/2